书目信息 |
| 题名: |
京剧的摇篮—富连成
|
|
| 作者: | 包缉庭 著 ;李德生 整理 | |
| 分册: | ||
| 出版信息: | 太原 山西人民出版社 2008.08 |
|
| 页数: | 240页 | |
| 开本: | 23cm | |
| 丛书名: | ||
| 单 册: | ||
| 中图分类: | J821 | |
| 科图分类: | ||
| 主题词: | 京剧--jing ju--戏剧史--中国--史料 | |
| 电子资源: | ||
| ISBN: | 978-7-203-06123-6 | |
| 000 | 00861nam0 2200241 450 | |
| 001 | 012009694453 | |
| 005 | 20091123192414.76 | |
| 010 | @a978-7-203-06123-6@dCNY30.00 | |
| 100 | @a20091123d2008 em y0chiy0120 ea | |
| 101 | 0 | @achi |
| 102 | @aCN@b140000 | |
| 105 | @aac z 000yy | |
| 106 | @ar | |
| 200 | 1 | @a京剧的摇篮—富连成@Ajing ju de yao lan—fu lian cheng@f包缉庭著@Fbao ji ting zhu@g李德生整理@Gli de sheng zheng li |
| 210 | @a太原@c山西人民出版社@d2008.08 | |
| 215 | @a240页@c图, 肖像@d23cm | |
| 330 | @a本书内容包括:牛叶联手草创喜连成、五虎上将与六大弟子、喜连成失火的传说、今日兰芳旧喜神、萧长华导演连本戏、马连良与小翠花等。 | |
| 606 | 0 | @a京剧@Ajing ju@x戏剧史@y中国@j史料 |
| 690 | @aJ821@v4 | |
| 701 | 0 | @a包缉庭@Abao ji ting@4著 |
| 702 | 0 | @a李德生@Ali de sheng@4整理 |
| 801 | 0 | @aCN@bQSSK@c20091123 |
| 905 | @b765575-77@dJ821@eB213@f3 | |
| 京剧的摇篮—富连成/包缉庭著/李德生整理.-太原:山西人民出版社,2008.08 |
| 240页:图, 肖像;23cm |
| ISBN 978-7-203-06123-6:CNY30.00 |
| 本书内容包括:牛叶联手草创喜连成、五虎上将与六大弟子、喜连成失火的传说、今日兰芳旧喜神、萧长华导演连本戏、马连良与小翠花等。 |
| ● |
| 相关链接 |
|
|
|
正题名:京剧的摇篮—富连成
索取号:J821/B213
 
预约/预借
| 序号 | 登录号 | 条形码 | 馆藏地/架位号 | 状态 | 备注 |
| 1 | 765575 | 207655759 | 社科库309/309社科库 95排4列5层/ [索取号:J821/B213] | 在馆 | |
| 2 | 765576 | 207655768 | 社科库309/309社科库 95排4列5层/ [索取号:J821/B213] | 在馆 | |
| 3 | 765577 | 207655777 | 社科库309/309社科库 95排4列5层/ [索取号:J821/B213] | 在馆 |